Sobre la autonomía universitaria /
El artículo discute los principios sustantivos de la autonomía universitaria y el cambio en el concepto desde el Manifiesto Liminar hasta la forma contemporánea de entender la autonomía, la cual está basada en dos tipos: autonomía de procedimientos y autonomía sustantiva. Asimismo, se refiere al pap...
Zapisane w:
| 1. autor: | |
|---|---|
| Format: | Texto |
| Hasła przedmiotowe: | |
| Etykiety: |
Dodaj etykietę
Nie ma etykietki, Dołącz pierwszą etykiete!
|
MARC
| LEADER | 00000 a a2200000 04500 | ||
|---|---|---|---|
| 001 | 45695 | ||
| 003 | |||
| 040 | |a CRAI/IIS |c CRAI/IIS | ||
| 100 | |a Fumero Vargas, Patricia | ||
| 245 | |a Sobre la autonomía universitaria / |c Patricia Fumero Vargas | ||
| 520 | |a El artículo discute los principios sustantivos de la autonomía universitaria y el cambio en el concepto desde el Manifiesto Liminar hasta la forma contemporánea de entender la autonomía, la cual está basada en dos tipos: autonomía de procedimientos y autonomía sustantiva. Asimismo, se refiere al papel de las autoridades, los docentes y los estudiantes, así como a las presiones del Estado y la sociedad para demandar rendición de cuentas y transparencia en el manejo de los recursos asignados a la educación superior. | ||
| 590 | |a AMB/AGOSTO2014 | ||
| 650 | |a AUNIVERSIDAD | ||
| 650 | |a UNIVERSIDAD DE COSTA RICA (TESAURO CUUICS) | ||
| 650 | |a EDUCACION PUBLICA | ||
| 650 | |a AUTONOMIA | ||
| 650 | |a COSTA RICA | ||
| 773 | |g número138 (2012), páginas 93-100 | ||
| 999 | |c 18385 |d 18385 | ||
| 773 | 0 | |0 18728 |9 3009 |a Universidad de Costa Rica |d San José, Costa Rica Editorial UCR 1956- |o 15402 |t Revista de Ciencias Sociales/ |x 04825276 | |
